00511nam a2200133Ia 4500008004100000100002000041245005300061260006900114300001100183650002300194856006800217999001900285952007300304160712s9999 xx 000 0 und d aRiddle, Julz E. cJulz E. RiddleaIlang Bersiyon ng Isang Paglimot c2013bLikhaan: The Journal of Contemporary Philippine Literature avol. 7 xFICTION/NONFICTION uhttp://journals.upd.edu.ph/index.php/lik/issue/view/537/showToc c297280d297280 001040aCLbCLd2016-07-12l0r2016-07-12 00:00:00w2016-07-12yFEJ